Gravity Falls Characters by Episode Count - Statistics

General Stats
  • This quiz has been taken 149 times
  • The average score is 8 of 14
Answer Stats
# Ep. Character % Correct
40 Dipper Pines
100%
40 Mabel Pines
100%
39 Stan Pines
100%
38 Soos Ramirez
96%
31 Wendy Corduroy
96%
23 Waddles
65%
27 Old Man McGucket
56%
22 Lazy Susan
44%
20 Toby Determined
38%
24 Sheriff Blubs
31%
22 Deputy Durland
25%
21 Manly Dan
25%
21 Tyler Cutebiker
24%
21 Gompers
20%
No matching quizzes found
Score Distribution
Percent of People with Each Score
Percentile by Number Answered
Your Score History
You have not taken this quiz